History of Mexico (Record no. 28000)

MARC details
000 -LEADER
campo de control de longitud fija 00852nam a2200205 i 4500
001 - NÚMERO DE CONTROL
campo de control 28000
003 - IDENTIFICADOR DE NÚMERO DE CONTROL
campo de control ES-MaACL
005 - FECHA Y HORA DE LA ÚLTIMA TRANSACCIÓN
campo de control 20230906153737.0
007 - CAMPO FIJO DE DESCRIPCIÓN FÍSICA--INFORMACIÓN GENERAL
campo de control de longitud fija t|
008 - DATOS DE LONGITUD FIJA--INFORMACIÓN GENERAL
campo de control de longitud fija 030116s1914 xxu ||||1| eng d
080 ## - NÚMERO DE LA CLASIFICACIÓN DECIMAL UNIVERSAL
Número de la Clasificación Decimal Universal 94(72)
100 1# - ENTRADA PRINCIPAL--NOMBRE DE PERSONA
Nombre de persona Bancroft, Hubert Howe.
9 (RLIN) 25168
245 10 - MENCIÓN DEL TÍTULO
Título History of Mexico
Resto del título : being a popular history of the mexican people from the earliest primitive civilization at the present time /
Mención de responsabilidad, etc. by Hubert Howe Bancroft.
260 ## - PUBLICACIÓN, DISTRIBUCIÓN, ETC.
Lugar de publicación, distribución, etc. New York :
Nombre del editor, distribuidor, etc. The Bancroft Company,
Fecha de publicación, distribución, etc. 1914.
300 ## - DESCRIPCIÓN FÍSICA
Extensión VII, 581 p. :
Otras características físicas map., il. ;
Dimensiones 20 cm.
500 ## - NOTA GENERAL
Nota general Tabla cronológica de los mandatarios de Mexico y fechas en que desempeñaron su cargo : p. [569]-574.
500 ## - NOTA GENERAL
Nota general Este volumen se publicó en 1887 bajo el título de : A popular history of the Mexican People.
651 04 - PUNTO DE ACCESO ADICIONAL DE MATERIA--NOMBRE GEOGRÁFICO
Nombre geográfico México-
Subdivisión general Historia.
9 (RLIN) 9062
852 ## - LOCALIZACIÓN
Ubicación ES-MaACL
Número de control de estantería E-13185
Holdings
Estatus retirado Estado de pérdida Estado de daño No para préstamo Biblioteca de origen Biblioteca actual Ubicación en estantería Fecha de adquisición Fuente de adquisición Total de préstamos Signatura topográfica completa Código de barras Visto por última vez Precio de reemplazo Tipo de ítem Koha
        Biblioteca del Ateneo de Madrid Biblioteca del Ateneo de Madrid Depósito 2 17/01/2008     E-13185 1028909 23/02/2023 23/02/2023 Libro impreso